00596nam a22002057a 450000500170000001000130001702000230003003500130005303700160006604000120008208200170009410000200011124500590013126000460019027000480023630000260028450000330031065000220034365000250036520170124110204.0 aB-061400 c350.00a8120318935 aB-061400 bCen Lib/Ret aDPLbEN a005.369bWEM aWempen, Faithe  aMicrosoft access 2002 fast & easy /cby Faithe Wempen  aNew Delhi bPrentice Hall of India c2001 bNew Delhi aM-97, connaught circus e110001 axxii, 377p.c21cm(Hb) aIncludes index and glossary  aComputer science  aNetwork accessening